Teologia morale : morale generale /

Uloženo v:
Podrobná bibliografie
Hlavní autor: Chiavacci, Enrico (autor)
Médium: Kniha
Jazyk:italština
Vydáno: Asís, Italia : Cittadella, 1989, c1989
Vydání:5a edición
Edice:(Collana Teologia/Strumenti)
Témata:
Tagy: Přidat tag
Žádné tagy, Buďte první, kdo vytvoří štítek k tomuto záznamu!

MARC

LEADER 00000nam^a2200000^a^4500
001 000283837
005 20250621000000.0
009 20260526134643.195
025 |a Donación sin dato, 1 ejemplar 
037 |a Acervo ITESO - Biblioteca 
041 |a ITA 
082 |a 241.  |b CHI V. 1 
100 |a Chiavacci, Enrico  |e (autor) 
240 1 1 |a [Teologia morale] 
245 1 0 |a Teologia morale :  |b morale generale /  |c E. Chiavacci. 
250 |a 5a edición 
264 4 |a Asís, Italia :  |b Cittadella,  |c 1989, c1989 
300 |a 265 p. 
336 |a texto  |b txt  |2 rdacontenido 
337 |a sin mediación  |b n  |2 rdamedio 
338 |a volumen  |b nc  |2 rdasoporte 
440 1 |a (Collana Teologia/Strumenti) 
649 |a XX 
650 |a Etica Cristiana -  |x Tema Principal 
910 |a Fondo General 
920 |a Impresos - Libros 
930 |a Colección General 
905 |a 101 
901 |a 0500169984  |b IT1  |c ACC  |d DT  |i D  |u 20250621 
902 |a https://opac.biblio.iteso.mx/vufind/Record/000283837